00459 a2200169 450000500170000001000130001702000260003003500130005603700090006908200060007810000220008424500840010626000320019027000230022230000220024570000220026720240524143122.0 aB-759177 a9789354716133c499.00 aB-759177 bGift aN aCostain, Meredith aFull Colour Super Special Ella Diaries/cMeredith Costain and Danielle M'Donald aNew YorkbScholastic c2023 aNew YorkbNew York a192 p.c19 cm(Pb) aDanielle M'Donald